|
|
|
|
| LEADER |
00000nam a22000007a 4500 |
| 005 |
20220825211245.0 |
| 007 |
cr|||| |||| |
| 008 |
220825s2022 pe |||||s|||| 00||0 spa d |
| 020 |
|
|
|a 9786123252410
|
| 035 |
|
|
|a 36966
|
| 040 |
|
|
|a vLex
|
| 090 |
|
|
|c 13835
|d 13835
|
| 100 |
1 |
|
|a Garca̕ Toma, Vc̕tor
|
| 245 |
1 |
0 |
|a Democracia, organizaciones polt̕icas y control parlamentario
|h [Recurso electrn̤ico] /
|c Vc̕tor Garca̕ Toma
|
| 256 |
|
|
|a Servicio en ln̕ea
|
| 260 |
|
|
|a Lima:
|b Palestra Editores,
|c 2022
|
| 300 |
|
|
|a 1 recurso electrn̤ico
|
| 500 |
|
|
|a La presente obra busca dar cuenta del rol protagn̤ico que tienen las organizaciones polt̕icas y el Parlamento para preservar la democracia. Este objetivo se logra a travš de un anl̀isis ter̤ico, pero aterrizado en la manera en la que nuestro pas̕ ha moldeado tales instituciones. El resultado es un texto que analiza cuidadosamente, a un nivel ter̤ico, los elementos ms̀ importantes de tales instituciones, para luego aterrizar y mostrar las peculiaridades de nuestro ordenamiento jurd̕ico.
|
| 506 |
1 |
|
|a Disponible solo en los productos indicados
|d vLex Global
|d vLex Global (Academic Edition, excluding Law Schools)
|d vLex Global (U.S. Academic Edition, Law Schools)
|d vLex Global (U.S. Academic Edition, excluding Law Schools)
|d vLex Global (Academic Edition, Law Schools)
|
| 650 |
0 |
4 |
|a Derecho Constitucional
|z Per︢
|
| 740 |
0 |
|
|a vLex Libros (Servicio en ln̕ea)
|
| 856 |
4 |
0 |
|u https://app.vlex.com/#/sources/36966
|z Acceso restringido
|
| 942 |
|
|
|c BOOK
|
| 999 |
0 |
|
|a Constitutional right
|